000 00643nam a2200205Ia 4500
003 OSt
005 20240715152127.0
008 210210b1992 xxu||||| |||| 00| 0 eng d
040 _cAL
041 _aKannada
082 _aK894.9 KIRB
100 _aKIRTINATHA KURTAKOTI.
_dಕೀರ್ತಿನಾಥ ಕುರ್ತಕೋಟಿ
_9173546
245 _aBayalu - alaya.
_bಬಯಲು - ಆಲಯ
260 _aHampi
_bKannada Vishvavidyalaya
_c1992
300 _aviii,124
650 _aBhashantara Hosagannadada gadya & padya Vi Si Gadya Jadabharata
_9173547
690 _aKannada Criticism
_9173548
906 _aSG03461
942 _2ddc
_cBK
999 _c114385
_d114385